Estadísticas para Canciones de Serú Girán

Haz click aquí para tomar la prueba!

Estadísticas generales

  • Esta prueba ha sido tomada 48 veces
  • La puntuación promedio es 17 de 37

Estadísticas de respuestas

CDNCanción% Correcto
Serú Girán6Seminare
91%
La grasa de las capitales1La grasa de las capitales
89%
Peperina1Peperina
89%
Serú Girán1Eiti Leda
74%
La grasa de las capitales7Viernes 3 AM
66%
Bicicleta3Canción de Alicia en el País
63%
Bicicleta5Mientras miro las nuevas olas
63%
Peperina7Cinema Verité
60%
La grasa de las capitales3Perro Andaluz
60%
Serú Girán5Serú Girán
60%
Bicicleta2Cuánto tiempo más llevará
51%
Bicicleta8Encuentro con el Diablo
51%
Inédito en estudioNo llores por mí, Argentina
51%
Peperina10Salir de la melancolía
51%
Bicicleta1A los jóvenes de ayer
49%
Peperina2Llorando en el espejo
49%
La grasa de las capitales2San Francisco y el lobo
49%
Bicicleta6Desarma y Sangra
46%
Peperina5Esperando nacer
46%
La grasa de las capitales9Canción de Hollywood
40%
Serú Girán8Cosmigonón
40%
Peperina8En la vereda del sol
40%
Serú Girán4Autos, Jets, Aviones, Barcos
37%
Serú Girán2El mendigo en el andén
37%
La grasa de las capitales4Frecuencia Modulada
37%
Peperina9José Mercado
37%
La grasa de las capitales6Noche de perros
37%
Bicicleta7Tema de Nayla
34%
Serú Girán3Separata
31%
La grasa de las capitales8Los sobrevivientes
29%
Serú Girán7Voy a mil
29%
Peperina620 trajes verdes
26%
Peperina11Lo que dice la lluvia
26%
La grasa de las capitales5Paranoia y soledad
26%
Peperina4Cara de velocidad
23%
Bicicleta4La luna de marzo
20%
Peperina3Parado en medio de la vida
14%

Distribución de puntuación

Porcentaje por número respondido

Porcentaje de gente con cada puntuación

Historial de tus puntuaciones

No has tomado esta prueba